| 000 | 00793cab a2200265 4500 | ||
|---|---|---|---|
| 001 | WB3129-25 | ||
| 008 | 090401t1995 xxu||||| |||| 00| 0 eng d | ||
| 035 | _a(Sirsi) u40927 | ||
| 041 | _aeng | ||
| 245 | _aMasons` role in land sales questioned | ||
| 260 | _c1995 | ||
| 350 | _a0 | ||
| 490 |
_aDaily Telegraph _v25 July 1995, 7(1) |
||
| 520 | _aThe local government ombudsman is investigating alleged misuse of masonic influence by members of the former Medina Council, disbanded in April 1995, over land sales. | ||
| 650 | _aCORRUPTION | ||
| 650 | _aISLE OF WIGHT | ||
| 650 | _aLAND SALES | ||
| 650 | _aLOCAL AUTHORITIES | ||
| 650 | _aLOCAL GOVERNMENT OMBUDSMAN | ||
| 650 | _aMALADMINISTRATION | ||
| 650 | _aMASONS | ||
| 690 | _aLAND | ||
| 942 | _n0 | ||
| 948 | _c04/03/1997 | ||
| 999 |
_c26245 _d26245 |
||